[Event "Reykjavik Open 2010"]
[Site "Reykjavik City Hall"]
[Date "2010.02.26"]
[Round "3.26"]
[White "Arngrimsson, Dagur"]
[Black "Ragnarsson, Johann"]
[Result "1-0"]
[WhiteElo "2383"]
[BlackElo "2140"]
[PlyCount "63"]
[EventDate "2010.02.24"]

1. e4 c6 2. d4 d5 3. exd5 cxd5 4. c4 Nf6 5. Nc3 g6 6. Qb3 Bg7 7. cxd5 O-O 8.
Nge2 Nbd7 9. g3 Nb6 10. Bg2 Re8 11. Nf4 e6 12. dxe6 Bxe6 13. Nxe6 Rxe6+ 14. Be3
Ng4 15. O-O Bxd4 16. Bxd4 Qxd4 17. Rad1 Qc5 18. h3 Ne5 19. Bxb7 Rb8 20. Bg2
Nbd7 21. Qd5 Qe7 22. Qd4 Nf6 23. b3 g5 24. Nd5 Nxd5 25. Qxd5 Rc8 26. Rd4 Rc2
27. Ra4 Nc6 28. Re4 Nb4 29. Qd4 Rxe4 30. Bxe4 Re2 31. Rc1 f6 32. Qc4+ 1-0

[Event "Reykjavik Open 2010"]
[Site "Reykjavik City Hall"]
[Date "2010.02.26"]
[Round "3.27"]
[White "Gislason, Gudmundur"]
[Black "De Andres Gonalons, Fernando"]
[Result "1-0"]
[WhiteElo "2382"]
[BlackElo "2124"]
[PlyCount "45"]
[EventDate "2010.02.24"]

1. d4 d5 2. Nf3 e6 3. g3 Nf6 4. Bg2 c5 5. O-O Nc6 6. c4 dxc4 7. Qa4 Bd7 8. dxc5
Na5 9. Qc2 Bxc5 10. Ne5 Rc8 11. Bg5 h6 12. Bxf6 gxf6 13. Nxd7 Qxd7 14. Rd1 Qc7
15. Nc3 Kf8 16. Ne4 Be7 17. Rd4 Kg7 18. Qc3 Rhd8 19. Nxf6 Rxd4 20. Nh5+ Kh8 21.
Qxd4+ e5 22. Qg4 Rg8 23. Qf5 1-0

[Event "Reykjavik Open 2010"]
[Site "Reykjavik City Hall"]
[Date "2010.02.26"]
[Round "3.28"]
[White "Bergsson, Stefan"]
[Black "Ansell, Simon T"]
[Result "1-0"]
[WhiteElo "2079"]
[BlackElo "2381"]
[PlyCount "97"]
[EventDate "2010.02.24"]

1. e4 c6 2. Ne2 d5 3. e5 c5 4. d4 Nc6 5. c3 Bf5 6. Ng3 Bxb1 7. Rxb1 e6 8. a3 f6
9. f4 Nh6 10. f5 Nxf5 11. Nxf5 exf5 12. Bd3 g6 13. O-O cxd4 14. cxd4 Bg7 15.
exf6 Qxf6 16. Re1+ Kf7 17. Qb3 Rhd8 18. Qxb7+ Kg8 19. Be3 Rab8 20. Qa6 Rb3 21.
Bf2 Nxd4 22. Bf1 Qxa6 23. Bxa6 Rd6 24. Bf1 Rb7 25. Rbd1 Nc2 26. Re8+ Kf7 27.
Rc8 Bxb2 28. Rxc2 Bxa3 29. Ra2 Bb4 30. Bxa7 Bc3 31. Bf2 Kf6 32. Rc2 Be5 33. Re2
g5 34. Bc5 Rdd7 35. Rde1 Bc3 36. Rd1 d4 37. Ra2 Rbc7 38. Ra6+ Kg7 39. Bd6 Rc8
40. Bd3 Rf7 41. Rf1 f4 42. h4 gxh4 43. Bxf4 Bb4 44. Bb1 Re7 45. Bg5 Re1 46.
Ra7+ Kh8 47. Bf6+ Kg8 48. Ba2+ Kf8 49. Be7+ 1-0

[Event "Reykjavik Open 2010"]
[Site "Reykjavik City Hall"]
[Date "2010.02.26"]
[Round "3.29"]
[White "Johnsen, Sylvia"]
[Black "Zaremba, Andrie"]
[Result "0-1"]
[WhiteElo "2032"]
[BlackElo "2360"]
[PlyCount "86"]
[EventDate "2010.02.24"]

1. e4 c5 2. Nf3 d6 3. c3 Nf6 4. Bc4 e6 5. Qe2 Nc6 6. d4 cxd4 7. cxd4 d5 8. exd5
Nxd5 9. Nc3 Be7 10. O-O O-O 11. Nxd5 exd5 12. Bb5 Bg4 13. Be3 Qb6 14. Bxc6 bxc6
15. b3 Bf6 16. Rfd1 Rfe8 17. Rac1 Re4 18. Qc2 Re6 19. Rd2 Bxf3 20. gxf3 Be7 21.
Qf5 Ba3 22. Rcd1 Bd6 23. Rc2 Rae8 24. Kh1 Bb8 25. Rg1 Qc7 26. Rg3 Rg6 27. Re2
Ree6 28. Kg2 Qd7 29. Rg4 Qd6 30. Rg3 Qd8 31. Rg4 Qh4 32. Bf4 Rxg4+ 33. fxg4 g6
34. Rxe6 gxf5 35. Re8+ Kg7 36. Bxb8 Qxg4+ 37. Kf1 f4 38. Bxa7 f3 39. Bc5 Qg2+
40. Ke1 Qg1+ 41. Kd2 Qxf2+ 42. Kd3 Qxa2 43. Bf8+ Kg6 0-1

[Event "Reykjavik Open 2010"]
[Site "Reykjavik City Hall"]
[Date "2010.02.26"]
[Round "3.30"]
[White "Gretarsson, Hjorvar Steinn"]
[Black "Tozer, Philip"]
[Result "1-0"]
[WhiteElo "2358"]
[BlackElo "2119"]
[PlyCount "77"]
[EventDate "2010.02.24"]

1. d4 e6 2. c4 f5 3. g3 Nf6 4. Bg2 c6 5. Nd2 d5 6. Nh3 Bd6 7. Qc2 O-O 8. O-O
Nbd7 9. Nf3 Ne4 10. Bf4 Qe7 11. Bxd6 Nxd6 12. b3 b6 13. Nf4 Bb7 14. Nd3 Rac8
15. c5 bxc5 16. Nxc5 Nxc5 17. Qxc5 Ba6 18. Ne5 Bxe2 19. Rfe1 Bh5 20. Nxc6 Qd7
21. Rac1 Kh8 22. Ne5 Qe7 23. Qb4 f4 24. Rxc8 Nxc8 25. Qxe7 Nxe7 26. Nd7 Rd8 27.
Nc5 f3 28. Nxe6 Rd7 29. Bh3 Rb7 30. Nf4 Bf7 31. Rc1 h5 32. Nd3 Bg6 33. Ne5 Be4
34. Nf7+ Kg8 35. Ng5 g6 36. Rc3 Rb4 37. Nxf3 Bxf3 38. Rxf3 Rxd4 39. Be6+ 1-0

[Event "Reykjavik Open 2010"]
[Site "Reykjavik City Hall"]
[Date "2010.02.26"]
[Round "3.33"]
[White "Thorsteinsson, Thorsteinn"]
[Black "Scholzen, Wolfgang"]
[Result "1-0"]
[WhiteElo "2278"]
[BlackElo "2040"]
[PlyCount "101"]
[EventDate "2010.02.24"]

1. d4 d5 2. c4 e6 3. Nf3 Nf6 4. cxd5 exd5 5. Nc3 c6 6. Bg5 Be7 7. Qc2 O-O 8. e3
Nbd7 9. Bd3 h6 10. Bh4 Re8 11. Bg3 Nh5 12. O-O Nxg3 13. hxg3 Bd6 14. Rab1 Nf6
15. Rfe1 Bd7 16. b4 a6 17. Na4 b5 18. Nc5 Bxc5 19. Qxc5 a5 20. Ne5 Rc8 21. a4
axb4 22. axb5 cxb5 23. Qxb4 Rb8 24. Rec1 Re6 25. Nxd7 Nxd7 26. Bf5 Rf6 27. Bd3
Ra6 28. Qb3 Qg5 29. Rc7 Nf6 30. Rc5 Qh5 31. Rxb5 Rd8 32. Rxd5 Nxd5 33. Bxa6 Nf6
34. Qb5 Rd5 35. Qb8+ Kh7 36. Bd3+ g6 37. Qf4 Kg7 38. Qh4 Qxh4 39. gxh4 Rd7 40.
g3 g5 41. hxg5 hxg5 42. Rb5 Kh6 43. Kg2 Nd5 44. Be4 Nf6 45. Bf5 Rd6 46. g4 Nd5
47. Rb7 Kg7 48. Bd3 Kf6 49. Bc4 Kg7 50. Bxd5 Rxd5 51. Re7 1-0

[Event "Reykjavik Open 2010"]
[Site "Reykjavik City Hall"]
[Date "2010.02.26"]
[Round "3.34"]
[White "Christensen, Esben"]
[Black "Bick, John D"]
[Result "1/2-1/2"]
[WhiteElo "2008"]
[BlackElo "2248"]
[PlyCount "97"]
[EventDate "2010.02.24"]

1. e4 Nf6 2. Nc3 e5 3. Nf3 Nc6 4. d4 exd4 5. Nxd4 Bb4 6. Nxc6 bxc6 7. Bd3 d5 8.
exd5 O-O 9. O-O cxd5 10. Bg5 c6 11. Ne2 Bd6 12. Qd2 h6 13. Bf4 Bc5 14. Ng3 Re8
15. c3 Be6 16. Rae1 d4 17. Bf5 dxc3 18. Qxc3 Qb6 19. Bxe6 Rxe6 20. Rxe6 fxe6
21. Qe5 Kf7 22. Be3 Bxe3 23. fxe3 Qb5 24. Qc3 Rd8 25. Ne4 Rd3 26. a4 Rxc3 27.
axb5 Rc2 28. bxc6 Rxc6 29. Nxf6 gxf6 30. Ra1 a6 31. Kf2 f5 32. h3 h5 33. Kf3
Kf6 34. g4 Kg5 35. gxf5 exf5 36. Ra4 h4 37. Ra5 Rb6 38. b4 Kg6 39. Ra4 Kg5 40.
Ra5 Rxb4 41. Rxa6 Rb2 42. Ra8 Rh2 43. Rg8+ Kf6 44. Rf8+ Kg6 45. e4 Rxh3+ 46.
Kf4 fxe4 47. Kxe4 Rh1 48. Rg8+ Kh5 49. Kf3 1/2-1/2

[Event "Reykjavik Open 2010"]
[Site "Reykjavik City Hall"]
[Date "2010.02.26"]
[Round "3.36"]
[White "Sareen, Vishal"]
[Black "Antonsson, Atli"]
[Result "1-0"]
[WhiteElo "2364"]
[BlackElo "1716"]
[PlyCount "121"]
[EventDate "2010.02.24"]

1. e4 e6 2. d4 d5 3. Nd2 Nf6 4. e5 Nfd7 5. f4 c5 6. Ndf3 Nc6 7. Ne2 Qb6 8. c3
cxd4 9. cxd4 Bb4+ 10. Nc3 Qd8 11. Bd3 g6 12. O-O h5 13. Be3 Ne7 14. Rc1 Nf5 15.
Bf2 Be7 16. Nb5 Kf8 17. Qe1 a6 18. Nc3 Nb6 19. Bxf5 exf5 20. Bh4 Be6 21. Bxe7+
Qxe7 22. Rf2 Kg7 23. Rfc2 Rac8 24. Ne2 Rxc2 25. Rxc2 Rc8 26. Rxc8 Bxc8 27. Qc3
Be6 28. b3 Qd7 29. Nc1 Qb5 30. Qc5 Bd7 31. Kf2 Nc8 32. Qc3 Qc6 33. Qxc6 Bxc6
34. Nd3 Bb5 35. Nb4 Ne7 36. a4 Bd7 37. Ke3 a5 38. Na2 b5 39. axb5 Bxb5 40. Nc3
Bc6 41. Kd2 Nc8 42. Ne1 Nb6 43. Nd3 Kf8 44. Nc5 Ke7 45. g3 Na8 46. Nb1 Nc7 47.
Na3 Na8 48. Kc3 Nc7 49. b4 axb4+ 50. Kxb4 Ne6 51. Nxe6 fxe6 52. Kc5 Be8 53. Nb5
Bd7 54. Kb6 Kd8 55. Nd6 Ba4 56. Nb7+ Ke7 57. Kc7 Bb5 58. Na5 Be8 59. Nc6+ Kf8
60. Kd6 g5 61. Nd8 1-0

[Event "Reykjavik Open 2010"]
[Site "Reykjavik City Hall"]
[Date "2010.02.26"]
[Round "3.37"]
[White "Unnarsson, Sverrir"]
[Black "Olsen, Heini"]
[Result "0-1"]
[WhiteElo "1958"]
[BlackElo "2355"]
[PlyCount "66"]
[EventDate "2010.02.24"]

1. e4 e5 2. f4 Bc5 3. Nf3 d6 4. Bc4 Nc6 5. c3 Qe7 6. Qe2 Bg4 7. d3 Nf6 8. Be3
Bxe3 9. Qxe3 exf4 10. Qxf4 d5 11. Bb5 dxe4 12. Bxc6+ bxc6 13. dxe4 Bxf3 14.
gxf3 Nd5 15. Qd2 Rd8 16. O-O Qc5+ 17. Qf2 Ne3 18. Kh1 f5 19. Na3 Qb6 20. Rg1
O-O 21. Nc2 Qxb2 22. Qxe3 Qxc2 23. Qc5 Rd6 24. Rxg7+ Kxg7 25. Qe5+ Kg8 26. Rg1+
Rg6 27. Qe6+ Rf7 28. Qe8+ Kg7 29. Qe5+ Kf8 30. Rxg6 hxg6 31. Qh8+ Ke7 32. Qe5+
Kd7 33. Qd4+ Kc8 0-1

[Event "Reykjavik Open 2010"]
[Site "Reykjavik City Hall"]
[Date "2010.02.26"]
[Round "3.38"]
[White "Olafsson, Thorvardur"]
[Black "Benediktsson, Frimann"]
[Result "1-0"]
[WhiteElo "2217"]
[BlackElo "1930"]
[PlyCount "123"]
[EventDate "2010.02.24"]

1. e4 c6 2. d4 d5 3. e5 Bf5 4. Nf3 e6 5. Be2 Nd7 6. O-O Ne7 7. Nh4 Bg6 8. Nxg6
hxg6 9. b3 c5 10. c3 Nc6 11. g3 Be7 12. Be3 cxd4 13. cxd4 O-O 14. Nd2 Qb6 15.
Nf3 Rac8 16. h4 Rfe8 17. Kg2 Ba3 18. Rh1 Nb4 19. h5 Nc2 20. hxg6 fxg6 21. Bd3
Nxe3+ 22. fxe3 Nf8 23. Qb1 Qc7 24. Bxg6 Nxg6 25. Qxg6 Qc2+ 26. Qxc2 Rxc2+ 27.
Kh3 Be7 28. Rh2 Rxh2+ 29. Nxh2 Rc8 30. Kg4 Rc2 31. Nf1 Ba3 32. Kf3 a5 33. g4
Kf7 34. Ng3 Rc3 35. Re1 Kg6 36. Ne2 Rc2 37. Nf4+ Kf7 38. Re2 Rc1 39. g5 Bf8 40.
g6+ Ke7 41. Nd3 Rg1 42. Rg2 Rf1+ 43. Rf2 Rg1 44. Nf4 Kd7 45. Ke2 Be7 46. Rf1
Rg4 47. Rh1 Bh4 48. Rh2 b6 49. Rg2 Rxg2+ 50. Nxg2 Bg5 51. Kf3 Be7 52. Nf4 Bg5
53. Kg4 Bh6 54. Kf3 Bg5 55. Nh5 Bh6 56. Ke2 b5 57. Kd3 Kc6 58. Nf6 Bg5 59. Ne8
Bh6 60. a3 Kd7 61. Nd6 Kc6 62. Nf7 1-0

[Event "Reykjavik Open 2010"]
[Site "Reykjavik City Hall"]
[Date "2010.02.26"]
[Round "3.39"]
[White "Palsson, Svanberg Mar"]
[Black "Steil-Antoni, Fiona"]
[Result "1/2-1/2"]
[WhiteElo "1769"]
[BlackElo "2198"]
[PlyCount "98"]
[EventDate "2010.02.24"]

1. d4 d6 2. c4 g6 3. Nc3 Bg7 4. g3 Nf6 5. Bg2 O-O 6. h3 c6 7. Nf3 Nbd7 8. O-O
Qc7 9. b3 e5 10. e3 Re8 11. Qc2 exd4 12. exd4 Nf8 13. Bf4 Bf5 14. Qd2 Qd7 15.
g4 Ne4 16. Nxe4 Bxe4 17. Rae1 f5 18. d5 fxg4 19. Ng5 Bxg2 20. Kxg2 gxh3+ 21.
Kh2 Be5 22. Ne4 Qg4 23. Bg3 Bxg3+ 24. Nxg3 c5 25. Qh6 Nd7 26. f3 Qd4 27. Rxe8+
Rxe8 28. Kxh3 Qe3 29. Qh4 Qe7 30. Qxe7 Rxe7 31. Ne4 b6 32. Rf2 Kg7 33. Nxd6 Nf6
34. Rd2 Rd7 35. Ne4 Nxe4 36. fxe4 Kf6 37. Kg4 Ke5 38. Kf3 Rf7+ 39. Kg3 Kxe4 40.
d6 Rd7 41. Rd5 h5 42. Kh3 Kf4 43. Kh4 a6 44. a3 a5 45. a4 g5+ 46. Kxh5 g4 47.
Kh4 Rh7+ 48. Rh5 Rd7 49. Rd5 Rh7+ 1/2-1/2

[Event "Reykjavik Open 2010"]
[Site "Reykjavik City Hall"]
[Date "2010.02.26"]
[Round "3.40"]
[White "Thorgeirsson, Sverrir"]
[Black "Brynjarsson, Helgi"]
[Result "1/2-1/2"]
[WhiteElo "2176"]
[BlackElo "1964"]
[PlyCount "114"]
[EventDate "2010.02.24"]

1. d4 d5 2. Nf3 Nf6 3. e3 e6 4. Bd3 c5 5. b3 Nc6 6. Bb2 a6 7. Nbd2 b5 8. a4 b4
9. O-O cxd4 10. exd4 Bd6 11. Re1 Nd7 12. Qe2 O-O 13. Qe3 Nf6 14. Ne5 Qb6 15.
Qh3 h6 16. Qh4 Nd7 17. Ng4 Bf4 18. Nf6+ Nxf6 19. Qxf4 Qd8 20. Nf3 a5 21. Qe3
Ba6 22. Rac1 Bxd3 23. Qxd3 Ne4 24. Nd2 Nxd2 25. Qxd2 Qb6 26. Re3 Rab8 27. g4
Qd8 28. Rg3 Qh4 29. Re1 Rbe8 30. Qd3 Re7 31. Bc1 f5 32. Bf4 Ree8 33. Bd6 Rf7
34. h3 Qf6 35. Be5 Nxe5 36. dxe5 Qh4 37. Re2 f4 38. Qb5 Ref8 39. Rf3 h5 40.
gxh5 Qxh5 41. Qd3 Rc8 42. Qa6 Rcc7 43. Kg2 Qg6+ 44. Kh2 Rf5 45. Re1 Rxc2 46.
Rg1 Qf7 47. Qxa5 Rxe5 48. Qd8+ Qf8 49. Qxf8+ Kxf8 50. Rxf4+ Rf5 51. Rxb4 Rfxf2+
52. Kg3 Rf5 53. Ra1 Rc3+ 54. Kg2 Rff3 55. a5 Rxb3 56. a6 Ra3 57. Ra4 Rg3+
1/2-1/2

[Event "Reykjavik Open 2010"]
[Site "Reykjavik City Hall"]
[Date "2010.02.26"]
[Round "3.41"]
[White "Andersson, Christin"]
[Black "Andrason, Pall"]
[Result "1-0"]
[WhiteElo "2135"]
[BlackElo "1587"]
[PlyCount "89"]
[EventDate "2010.02.24"]

1. e4 c6 2. Nc3 d5 3. Qf3 d4 4. Bc4 e6 5. Nce2 c5 6. c3 Nc6 7. Bb5 e5 8. Qg3 f6
9. d3 Qb6 10. Bxc6+ bxc6 11. f4 Qc7 12. Nf3 Bd6 13. O-O exf4 14. Bxf4 Bxf4 15.
Nxf4 g5 16. Nxg5 fxg5 17. Qxg5 Ne7 18. Qh5+ Kd8 19. Qxc5 Qd7 20. cxd4 Ng6 21.
Nh5 Rb8 22. Nf6 Qe7 23. Qxc6 Bd7 24. Nxd7 Qxd7 25. Qxd7+ Kxd7 26. b3 Rb4 27. d5
Rd4 28. Rf7+ Kd6 29. Rd1 Rc8 30. Rxh7 Nf4 31. Kf2 Rxd3 32. Rxd3 Nxd3+ 33. Ke3
Nc1 34. Rxa7 Rc2 35. Ra6+ Kd7 36. Rc6 Rxc6 37. dxc6+ Kxc6 38. h4 Kd6 39. h5 Ke6
40. h6 Kf6 41. e5+ Kf7 42. e6+ Kf8 43. h7 Kg7 44. e7 Kxh7 45. e8=Q 1-0

[Event "Reykjavik Open 2010"]
[Site "Reykjavik City Hall"]
[Date "2010.02.26"]
[Round "3.43"]
[White "Guttulsrud, Odd Martin"]
[Black "Sverrisson, Nokkvi"]
[Result "1-0"]
[WhiteElo "2061"]
[BlackElo "1784"]
[PlyCount "121"]
[EventDate "2010.02.24"]

1. e4 c5 2. Nf3 d6 3. d4 cxd4 4. Nxd4 Nf6 5. Nc3 a6 6. Be3 e5 7. Nb3 Be6 8. f3
Be7 9. Qd2 Nbd7 10. g4 Nb6 11. g5 Nh5 12. O-O-O O-O 13. Rg1 Qc7 14. Qf2 Nc4 15.
Bxc4 Qxc4 16. Na5 Qc7 17. Bb6 Qd7 18. Qd2 Rac8 19. Kb1 Nf4 20. Be3 Qc7 21. Bxf4
exf4 22. Nb3 b5 23. Nd5 Bxd5 24. exd5 Qc4 25. Na5 Qc5 26. Nc6 Rfe8 27. Qxf4 Bf8
28. Qd2 Re3 29. f4 Rce8 30. Rg2 Qc4 31. Qd4 Qxd4 32. Nxd4 R3e4 33. c3 Rxf4 34.
Nc6 g6 35. Nb4 a5 36. Nc6 a4 37. Rd4 Rf5 38. Na7 Rb8 39. Rb4 Rxd5 40. c4 Rc5
41. cxb5 Rb7 42. Rxa4 h6 43. h4 Rbc7 44. a3 Rb7 45. Ra6 hxg5 46. hxg5 Be7 47.
Rc2 d5 48. b4 Rxc2 49. Kxc2 Bxg5 50. a4 Bf4 51. Nc8 g5 52. Kd3 Kg7 53. Rc6 g4
54. Nd6 g3 55. Nf5+ Kh7 56. Nh4 Kg7 57. b6 Bg5 58. Nf5+ Kh7 59. Nxg3 Be7 60. a5
Bd8 61. Nf5 1-0

[Event "Reykjavik Open 2010"]
[Site "Reykjavik City Hall"]
[Date "2010.02.26"]
[Round "3.44"]
[White "Karlsson, Mikael Johann"]
[Black "Kleinert, Juergen"]
[Result "0-1"]
[WhiteElo "1714"]
[BlackElo "2004"]
[PlyCount "54"]
[EventDate "2010.02.24"]

1. c4 c5 2. g3 Nc6 3. Bg2 d6 4. Nf3 Nf6 5. Nc3 Bg4 6. O-O Qd7 7. Re1 g6 8. a3
Bg7 9. Rb1 O-O 10. b4 Rad8 11. b5 Nd4 12. e3 Nxf3+ 13. Bxf3 b6 14. Bxg4 Nxg4
15. Qe2 Bxc3 16. dxc3 Qe6 17. f4 Qe4 18. Bd2 f5 19. a4 Nf6 20. a5 d5 21. cxd5
Rxd5 22. c4 Rd3 23. Rbc1 Rfd8 24. Red1 Ng4 25. Be1 Rxd1 26. Rxd1 Rxd1 27. Qxd1
Nxe3 0-1

[Event "Reykjavik Open 2010"]
[Site "Reykjavik City Hall"]
[Date "2010.02.26"]
[Round "3.45"]
[White "Yurenok, Maria S"]
[Black "Finnbogadottir, Tinna Kristin"]
[Result "1/2-1/2"]
[WhiteElo "1974"]
[BlackElo "1750"]
[PlyCount "97"]
[EventDate "2010.02.24"]

1. d4 d5 2. c4 c6 3. Nf3 Nf6 4. Nc3 e6 5. Bg5 Nbd7 6. cxd5 exd5 7. e3 Bd6 8.
Bd3 O-O 9. O-O Re8 10. Qc2 Nf8 11. Rab1 Bg4 12. Nd2 Bh5 13. h3 Bg6 14. b4 Bxd3
15. Qxd3 Ng6 16. b5 h6 17. Bxf6 Qxf6 18. bxc6 bxc6 19. Nf3 Nh4 20. Nxh4 Qxh4
21. Rb7 Re6 22. Qf5 Rf8 23. Rxf7 Rf6 24. Rxf8+ Kxf8 25. Qc8+ Kf7 26. Qd7+ Kg8
27. Qg4 Qxg4 28. hxg4 Bb4 29. Rc1 Kf7 30. Na4 Kg6 31. Nc5 Kg5 32. Nd3 Bd6 33.
f3 Bg3 34. Kf1 Re6 35. Ke2 Kf6 36. Rb1 Bc7 37. Nc5 Re7 38. Kf2 Bb6 39. Nd3 Ke6
40. Rc1 Kd6 41. f4 Ba5 42. Rc2 Rb7 43. Ne5 Rc7 44. Ke2 c5 45. dxc5+ Rxc5 46.
Nf7+ Kc6 47. Ne5+ Kd6 48. Nf7+ Kc6 49. Ne5+ 1/2-1/2

[Event "Reykjavik Open 2010"]
[Site "Reykjavik City Hall"]
[Date "2010.02.26"]
[Round "3.46"]
[White "Johannsdottir, Johanna Bjorg"]
[Black "Thorsteinsdottir, Hallgerdur"]
[Result "0-1"]
[WhiteElo "1705"]
[BlackElo "1946"]
[PlyCount "46"]
[EventDate "2010.02.24"]

1. e4 c6 2. d4 d5 3. Nd2 dxe4 4. Nxe4 Nd7 5. Bc4 Ngf6 6. Nxf6+ Nxf6 7. Nf3 Bf5
8. O-O e6 9. Bg5 Be7 10. Re1 O-O 11. h3 b5 12. Be2 Qd5 13. Ne5 Rac8 14. Bf3 Qd6
15. Bf4 Nd5 16. Bg3 Qb4 17. b3 Qc3 18. Be4 Bxe4 19. Rxe4 Rfd8 20. Qe1 Bb4 21.
f3 Nf6 22. a3 Nxe4 23. axb4 Qxd4+ 0-1

[Event "Reykjavik Open 2010"]
[Site "Reykjavik City Hall"]
[Date "2010.02.26"]
[Round "3.47"]
[White "Botheim, Tor"]
[Black "Johannsson, Orn Leo"]
[Result "0-1"]
[WhiteElo "1944"]
[BlackElo "1710"]
[PlyCount "106"]
[EventDate "2010.02.24"]

1. e4 e6 2. d4 d5 3. Nc3 dxe4 4. Nxe4 Nd7 5. Bd3 Ngf6 6. Nf3 Be7 7. O-O Nxe4 8.
Bxe4 Nf6 9. Bd3 O-O 10. Bg5 b6 11. Re1 Bb7 12. c3 Rc8 13. Ne5 h6 14. Bh4 c5 15.
Qe2 cxd4 16. Rad1 Nd5 17. Bxe7 Qxe7 18. Qe4 Nf6 19. Qxd4 Rfd8 20. Qh4 Rd5 21.
Re3 Rcd8 22. Rde1 Rxe5 23. Rxe5 Rxd3 24. R5e2 Qd6 25. f3 Nd5 26. Qe4 Nxc3 27.
Qxb7 Nxe2+ 28. Rxe2 Qc5+ 29. Kf1 Rd1+ 30. Re1 Rxe1+ 31. Kxe1 Qg1+ 32. Kd2 Qxg2+
33. Kc3 Qxh2 34. Qa8+ Kh7 35. Qxa7 Qe5+ 36. Kb3 Qb5+ 37. Kc3 Qa5+ 38. Qxa5 bxa5
39. b4 axb4+ 40. Kxb4 h5 41. a4 h4 42. a5 h3 43. a6 h2 44. a7 h1=Q 45. a8=Q
Qb1+ 46. Kc4 Qf5 47. Kc3 Qd5 48. Qxd5 exd5 49. Kd4 Kg6 50. Kxd5 Kf5 51. Kd6 Kf4
52. Ke7 Kxf3 53. Kxf7 g5 0-1

[Event "Reykjavik Open 2010"]
[Site "Reykjavik City Hall"]
[Date "2010.02.26"]
[Round "3.48"]
[White "Brynjarsson, Eirikur Orn"]
[Black "Gardarsson, Hordur"]
[Result "1/2-1/2"]
[WhiteElo "1653"]
[BlackElo "1888"]
[PlyCount "86"]
[EventDate "2010.02.24"]

1. e4 c6 2. d4 d5 3. exd5 cxd5 4. Nc3 Bf5 5. Bf4 Nc6 6. Nf3 e6 7. Bb5 Nf6 8.
Ne5 Rc8 9. Nxc6 bxc6 10. Ba6 Rb8 11. Bxb8 Qxb8 12. Rb1 Bd6 13. h3 Qc7 14. Bd3
Bg6 15. O-O Bh5 16. Qd2 Bf4 17. Qe1 g5 18. g3 Rg8 19. Be2 g4 20. h4 Bd6 21. b4
Ne4 22. Nxe4 dxe4 23. c4 e3 24. c5 exf2+ 25. Qxf2 Bxg3 26. Qg2 Bxh4 27. b5 Qg3
28. bxc6 Bg6 29. Rb7 Qxg2+ 30. Kxg2 Be4+ 31. Kg1 Bxc6 32. Rbxf7 Bg5 33. Rc7
Be3+ 34. Kh2 g3+ 35. Kh3 g2 36. Rc8+ Ke7 37. Rxg8 gxf1=Q+ 38. Bxf1 Bxd4 39. Bc4
Bxc5 40. Rc8 Kd6 41. Bxe6 Kxe6 42. Rxc6+ Kd5 43. Rh6 a5 1/2-1/2

[Event "Reykjavik Open 2010"]
[Site "Reykjavik City Hall"]
[Date "2010.02.26"]
[Round "3.50"]
[White "Leifsson, Thorsteinn"]
[Black "Kjartansson, Dagur"]
[Result "1/2-1/2"]
[WhiteElo "1821"]
[BlackElo "1485"]
[PlyCount "44"]
[EventDate "2010.02.24"]

1. d4 e6 2. c4 Nf6 3. Nc3 Bb4 4. Qc2 d5 5. e3 O-O 6. Bd3 b6 7. Nf3 Bb7 8. Bd2
Nbd7 9. cxd5 exd5 10. a3 Bxc3 11. bxc3 c5 12. O-O h6 13. Bb5 Ne4 14. Be1 c4 15.
Qb2 g6 16. Ba4 Kg7 17. Nd2 f5 18. f3 Nxd2 19. Qxd2 a6 20. Bg3 b5 21. Bc2 Qe7
22. a4 Bc6 1/2-1/2

[Event "Reykjavik Open 2010"]
[Site "Reykjavik City Hall"]
[Date "2010.02.26"]
[Round "3.51"]
[White "Lee, Gudmundur Kristinn"]
[Black "Fridthjofsdottir, Sigurl  Regin"]
[Result "0-1"]
[WhiteElo "1534"]
[BlackElo "1809"]
[PlyCount "130"]
[EventDate "2010.02.24"]

1. e4 e6 2. d4 d5 3. Nc3 Nf6 4. Bg5 dxe4 5. Bxf6 Qxf6 6. Nxe4 Qd8 7. Nf3 Be7 8.
Bd3 Nc6 9. c3 a6 10. a4 b6 11. O-O Bb7 12. Ng3 O-O 13. Qc2 h6 14. Rfe1 Nb8 15.
Be4 Bxe4 16. Qxe4 Nd7 17. Nh5 Nf6 18. Nxf6+ Bxf6 19. Ne5 Bxe5 20. Qxe5 Qd7 21.
Re3 Qd6 22. Qxd6 cxd6 23. Ra3 d5 24. Rb3 Rfb8 25. Re1 Kf8 26. Kf1 Ke7 27. Ke2
Kd6 28. Kd3 Kc6 29. Re3 Re8 30. f4 b5 31. a5 Kd6 32. Rg3 g6 33. Ra3 Rab8 34. b4
Ke7 35. Ra2 Kf6 36. Re2 Rbc8 37. Rf3 Rc7 38. g4 Rec8 39. Kd2 h5 40. h3 hxg4 41.
hxg4 Rh8 42. Re5 Rh2+ 43. Kd3 Ra2 44. f5 Rxc3+ 45. Kxc3 Ra3+ 46. Kd2 Rxf3 47.
fxe6 fxe6 48. Ke2 Rb3 49. g5+ Kf7 50. Kd2 Rxb4 51. Kc3 Rc4+ 52. Kd3 b4 53. Re2
b3 54. Rb2 Rb4 55. Kc3 Rb5 56. Rxb3 Rxb3+ 57. Kxb3 Ke7 58. Kc3 Kd6 59. Kb4 e5
60. dxe5+ Kxe5 61. Kc3 Ke4 62. Kd2 Kd4 63. Ke2 Kc3 64. Kd1 Kd3 65. Kc1 Ke2 0-1

[Event "Reykjavik Open 2010"]
[Site "Reykjavik City Hall"]
[Date "2010.02.27"]
[Round "4.2"]
[White "Bromann, Thorbjorn"]
[Black "Sokolov, Ivan"]
[Result "1-0"]
[WhiteElo "2434"]
[BlackElo "2649"]
[PlyCount "113"]
[EventDate "2010.02.24"]

1. e4 e5 2. Nf3 Nc6 3. Nc3 Nf6 4. d4 exd4 5. Nxd4 Bb4 6. Nxc6 bxc6 7. Bd3 d6 8.
O-O h6 9. Na4 Ba5 10. a3 c5 11. b4 cxb4 12. axb4 Bxb4 13. Qf3 Be6 14. c3 Ba5
15. Qg3 Nh5 16. Qf3 Qh4 17. Bb5+ Ke7 18. e5 Rab8 19. Be2 g6 20. Qe3 Bb6 21.
Nxb6 axb6 22. Ra7 Kf8 23. Rxc7 d5 24. Ba3+ Kg8 25. Be7 g5 26. Bxh5 Qxh5 27. Bf6
Rh7 28. Ra1 Rg7 29. Bxg7 Kxg7 30. Rc6 Qg4 31. f3 Qf5 32. Rxb6 Rc8 33. Rb4 Qc2
34. Rc1 Qf5 35. Rd4 Rc6 36. g4 Qh7 37. Qd3 Qh8 38. f4 gxf4 39. Rxf4 Qd8 40. Qe3
Qg5 41. Kf2 Qh4+ 42. Qg3 Qd8 43. Rf6 Qb6+ 44. Qe3 Qxe3+ 45. Kxe3 Ra6 46. h4 Ra4
47. Rf4 Ra2 48. Rg1 Rh2 49. g5 Rh3+ 50. Kd4 h5 51. Rg2 Bg4 52. Rgf2 Be6 53.
R2f3 Rh1 54. Kc5 Re1 55. Kd6 Ra1 56. Rf6 Ra6+ 57. Kc5 1-0

[Event "Reykjavik Open 2010"]
[Site "Reykjavik City Hall"]
[Date "2010.02.27"]
[Round "4.4"]
[White "Kuzubov, Yuriy"]
[Black "Nyzhnyk, Illya"]
[Result "1/2-1/2"]
[WhiteElo "2634"]
[BlackElo "2495"]
[PlyCount "143"]
[EventDate "2010.02.24"]

1. Nf3 Nf6 2. g3 b5 3. Bg2 Bb7 4. O-O e6 5. d3 Be7 6. e4 d6 7. a4 a6 8. axb5
axb5 9. Rxa8 Bxa8 10. Na3 b4 11. Nc4 O-O 12. Bd2 Nc6 13. Re1 Re8 14. h3 Bb7 15.
g4 Qa8 16. g5 Nd7 17. h4 Qa2 18. b3 Nde5 19. Ncxe5 dxe5 20. h5 g6 21. Kh2 Ra8
22. Rh1 Qb2 23. Kg3 Nd4 24. Nxd4 Qxd4 25. Qg1 Bf8 26. Qh2 Bg7 27. Bf3 Qd6 28.
Be3 Ra5 29. hxg6 hxg6 30. Qh7+ Kf8 31. Rc1 Qc6 32. Bd2 Qb5 33. c3 bxc3 34. Rxc3
c5 35. Rc4 Ra8 36. b4 Rc8 37. bxc5 Bc6 38. Qh1 Rd8 39. Be2 Rd4 40. Be3 Rxc4 41.
dxc4 Qb3 42. Qa1 Bxe4 43. Qa5 Kg8 44. Qb5 Qc2 45. Bg4 Qd3 46. Qa4 Bh1 47. Qd1
Qxd1 48. Bxd1 Bc6 49. Bc2 Kf8 50. Bd2 Ke8 51. Bc3 Kd7 52. Bb2 Bh8 53. Kg4 Bg7
54. Bc3 Bf8 55. Bxe5 Bxc5 56. f3 Be3 57. Bb8 Bd4 58. Kf4 Ke7 59. Be5 Bxe5+ 60.
Kxe5 Bxf3 61. Ba4 Bg2 62. c5 Bh1 63. Bb5 Bg2 64. Ba6 Bc6 65. Bd3 Bh1 66. Bb5
Bg2 67. c6 Bh1 68. c7 Bb7 69. Bc6 Bc8 70. Be4 Ba6 71. Bd3 Bc8 72. Be4 1/2-1/2

[Event "Reykjavik Open 2010"]
[Site "Reykjavik City Hall"]
[Date "2010.02.27"]
[Round "4.6"]
[White "Danielsen, Henrik"]
[Black "Hillarp Persson, Tiger"]
[Result "1-0"]
[WhiteElo "2495"]
[BlackElo "2581"]
[PlyCount "79"]
[EventDate "2010.02.24"]

1. g3 c5 2. c4 g6 3. Bg2 Bg7 4. Nc3 Nc6 5. Nf3 d6 6. O-O a6 7. d3 Rb8 8. a4 Nf6
9. Rb1 O-O 10. Ne1 Bd7 11. Nc2 a5 12. b3 Qc8 13. Bb2 Bh3 14. e3 Bxg2 15. Kxg2
Rd8 16. e4 e6 17. Nb5 Ne8 18. Bxg7 Kxg7 19. f4 f5 20. Qe2 Nf6 21. Rbe1 Qd7 22.
Qd1 Rf8 23. exf5 exf5 24. d4 Rfe8 25. Qd3 cxd4 26. Ncxd4 d5 27. c5 Re4 28. Nf3
Rbe8 29. Qd2 Rxe1 30. Rxe1 Rxe1 31. Qxe1 Ne4 32. Nbd4 Nxd4 33. Nxd4 Kh6 34.
Qxa5 Qe7 35. Qb6 Kh5 36. b4 Qg7 37. Qd8 Nf6 38. Ne6 Qf7 39. Ng5 Qg7 40. Nxh7
1-0